Who Died When I Was President? Quiz Stats

Quiz Updated Apr 23, 2016

Challenge
Share
Tweet
Embed
Score 0/30 Timer 07:00
0 Plays Today
% Correct
Steve Jobs
88.1%
Nelson Mandela
79.6%
Michael Jackson
77.9%
Princess Diana
69.8%
Pope John Paul II
60.4%
Mother Teresa
57.6%
Johnny Cash
57.2%
John Lennon
54.8%
Freddie Mercury
48.4%
Elvis Presley
48.1%
Marilyn Monroe
46.8%
Martin Luther King
46.5%
Benazir Bhutto
42.9%
Jimi Hendrix
41.5%
Frank Sinatra
38.4%
% Correct
James Dean
38.3%
Joseph Stalin
36.1%
Dr. Seuss
35.4%
Andy Warhol
35.2%
Albert Einstein
34.7%
Eleanor Roosevelt
34.3%
John Wayne
30.1%
Ernest Hemingway
25.7%
Winston Churchill
24.8%
Walt Disney
24.8%
Orson Welles
23%
Pablo Picasso
22.5%
Salvador Dalí
19.4%
Tennessee Williams
15.6%
King Edward VIII
13.8%

You're not logged in!

Compare scores with friends on all Sporcle quizzes.
Join for Free
OR
Log In

You Might Also Like...

Show Comments

Extras

Top Quizzes Today


Score Distribution

Your Account Isn't Verified!

In order to create a playlist on Sporcle, you need to verify the email address you used during registration. Go to your Sporcle Settings to finish the process.

Report this User

Report this user for behavior that violates our Community Guidelines.

Details: